Т. 29, № 10; Известия Академии наук СССР. Серия физическая

Detaylı Bibliyografya
Parent link:Известия Академии наук СССР. Серия физическая/ Академия наук СССР. Т. 29, № 10.— , 1936-1991.— 0367-6765
Dil:Rusça
Baskı/Yayın Bilgisi: 1965
Materyal Türü: MixedMaterials Kitap
KOHA link:https://koha.lib.tpu.ru/cgi-bin/koha/opac-detail.pl?biblionumber=421205

MARC

LEADER 00000nam2a2200000 4500
001 421205
005 20231101073525.0
035 |a (RuTPU)RU\TPU\prd\78907 
035 |a RU\TPU\prd\78894 
090 |a 421205 
100 |a 20100329a19361991k y0rusy50 ca 
101 0 |a rus 
102 |a RU 
200 0 |a Т. 29, № 10 
210 |d 1965 
461 1 |0 (RuTPU)RU\TPU\prd\321  |x 0367-6765  |t Известия Академии наук СССР. Серия физическая  |f Академия наук СССР  |v Т. 29, № 10  |d 1936-1991 
801 0 |a RU  |b 63413507  |c 20010227  |g PSBO 
801 1 |a RU  |b 63413507  |c 20100127 
801 2 |a RU  |b 63413507  |c 20170328  |g RCR 
942 |c BK 
999 |a НТБ_ТПУ  |b НФ  |e -8/20100113  |p П-701к  |u 0,00  |v 1